000
00485nam a2200133Ia 4500
008
100328s9999 xx 000 0 und d
082
_b
72582
100
_a
देसाई जयश्री
245
_a
सेलिब्रिटीज डेस्टिनेशन
260
_b
मैत्रेय
630
_a
सेलिब्रिटीज डेस्टिनेशन
730
_a
सेलिब्रिटीज डेस्टिनेशन
942
_c
BOOK
999
_c
558303
_d
558300